| 000 | 01529nam0a2200409 i 4500 | ||
|---|---|---|---|
| 001 | RU\NLR\BIBL_A\010459836 | ||
| 005 | 20241115075432.0 | ||
| 010 |
_a9785961447026 _91200 |
||
| 021 |
_aRU _b2014-49552 _92995 |
||
| 035 | _a(NILC)RuMoRGB-007514308 | ||
| 035 | _a(NLR Aleph) 010459836 | ||
| 090 |
_a9970458 _c9970458 |
||
| 100 | _a20140909d2014 km y0rusy50 ca | ||
| 101 | 1 |
_arus _ceng |
|
| 102 | _aRU | ||
| 105 | _ay|||z|||000yy | ||
| 200 | 1 |
_aПоток _dFlow _eпсихология оптимального переживания _fМихай Чиксентмихайи _gпер. с англ. [Е. Перовой _gпредисл. Д. Леонтьева ] _zeng |
|
| 210 |
_aМосква _cАльпина паблишер _cАльпина-нон-фикшн _d2014 |
||
| 215 |
_a323 с. _d24 |
||
| 225 | 1 |
_a15.MUST.READ _v14 |
|
| 225 | 1 | _aEditor's choice | |
| 300 | _aАвт. также на англ. яз.: Csikszentmihalyi Mihaly | ||
| 309 | _aВложена в поясок с загл. сер. | ||
| 320 | _aБиблиогр.: с. 296-323 | ||
| 333 | _a0+ | ||
| 510 | 1 |
_6z33790 _aFlow _zeng |
|
| 606 |
_aПозитивная психология _92555108 _3RU\NLR\AUTH\661511754 |
||
| 610 | 0 | _aпереживание | |
| 610 | 0 | _aсчастье | |
| 686 | 1 | _aЮ937.235 | |
| 700 | 1 |
_aЧиксентмихайи _bМ. _f1934- _gМихай |
|
| 790 | 1 |
_6z33510 _aCsikszentmihalyi _bM. _gMihaly |
|
| 801 | 0 |
_aRU _bРГБ _c20110627 _gRCR |
|
| 942 | _cBOOK | ||
| 980 | _aNBR | ||